000
00327 a2200157 4500
001
175673
020
_a
040
_c
Magnum
100
_a
Barreto, Antonio
240
1
0
_a
O velho passaro da lua
_l
por
245
1
0
_a
O velho passaro da lua
362
0
_a
1899
440
1
_a
FTD
697
_a
MAGNITO: IJ/GERAL
942
_c
BK
999
_c
175673
_d
175673